| 000 | 01167cam a22002891i 4500 | ||
|---|---|---|---|
| 003 | SA-RiAUC | ||
| 005 | 20241221145449.0 | ||
| 008 | 241220s1927 mr g b 000r0 ara c | ||
| 040 |
_aSA-RiAUC _bara _cSA-RiAUC _erda |
||
| 043 | _af-mr--- | ||
| 082 | 0 | 4 |
_a810.971 _qSA-RiAUC |
| 090 |
_a810.971 _bغ ر ي |
||
| 100 | 1 |
_aغريط، محمد، _d1280 هجري _eمؤلف. |
|
| 245 | 1 | 0 |
_aكتاب فواصل الجمان في أنباء وزراء وكتاب الزمان / _cبقلم محمد غريط. |
| 250 | _aالطبعة الأولى. | ||
| 264 | 1 |
_a[مكان النشر غير محدد] : _b[الناشر غير محدد]، _c[1927] |
|
| 264 | 3 |
_aفاس، المغرب : _bالمطبعة الجديدة |
|
| 300 |
_a312 صفحة ؛ _c24 سم |
||
| 336 |
_aنص _btxt _2rdacontent _3كتاب |
||
| 337 |
_aبدون وسيط _bn _2rdamedia |
||
| 338 |
_aمجلد _bnc _2rdacarrier |
||
| 504 | _aيشتمل على إرجاعات ببليوجرافية. | ||
| 650 | 7 |
_aالأدب العربي _zالأندلس _2aucsh |
|
| 650 | 7 |
_aالأدباء العرب _zالمغرب _vتراجم _2aucsh |
|
| 942 |
_2ddc _cBOOK _n0 |
||
| 949 |
_aSA-JeALM _d241220 _uosman123 _n1 |
||
| 999 |
_c3739 _d3739 |
||